|
|
|
|
| LEADER |
00595cam a2200181ua 4500 |
| 008 |
060815t1979||||||||||| 00 ||eng c |
| 041 |
0 |
|
|a eng
|
| 082 |
|
|
|a 953.83 T
|b KAR/K
|
| 245 |
1 |
0 |
|a Kerala district gazetteers: Trivandrum /
|
| 260 |
|
|
|a Thiruvananthapuram:
|b State Editor, Kerala Gazetteers,
|c 1979.
|
| 300 |
|
|
|a 115p..
|
| 362 |
1 |
|
|a 1979.
|
| 365 |
|
|
|a Rs.22.40
|e hb
|
| 650 |
|
|
|a Trivandrum-Gazetteers
|
| 650 |
0 |
|
|a Kerala-History
|
| 942 |
|
|
|c REF
|
| 999 |
|
|
|c 7408
|d 7408
|
| 952 |
|
|
|0 0
|1 0
|4 0
|6 953_830000000000000_T_KAR
|7 0
|9 7753
|a KUCL
|b KUCL
|d 2014-05-23
|l 0
|o 953.83 T KAR/
|p 00658
|r 2017-03-09
|w 2014-05-23
|y REF
|